000 00698nam a2200241 i 4500
001 C2-0124103
003 PPAK
005 20180727114716.0
008 970903s1993 xxka|||| ||||| | eng d
020 _a0750014075
040 _aPPAK
_beng
_cPPAK
_erda
082 0 4 _a823
_223
090 0 0 _a823
_bSOM
_dK
100 1 _aSommer-Bodenburg, Angela,
_eauthor
245 1 4 _aThe little vampire and the wicked plot
264 1 _aHemel Hempstead :
_bSimon & Schuster Young Books ,
_c1993
300 _a132 pages :
_billustrations ;
_c20 cm
336 _2rdacontent
_atext
337 _2rdamedia
_aunmediated
338 _2rdacarrier
_avolume
650 1 0 _aChildren's stories, English
942 _ddc
_cB
999 _c36377
_d36377